000
00320nam a2200121Ia 4500
008
220204s9999 xx 000 0 und d
082
_a
NR:62:678.061
_b
PEN
100
_a
Pendle, T D
245
0
_a
Natural latex dipping technology
260
_a
England
_b
T D Pendle
_c
1996
650
_a
Latex dipping process
942
_c
REF
999
_c
41411
_d
41411